MDQL
is popping MORE tags! Check the
thread
!
Quizzes
Events
Quiz Creation
Community
Videos
Private Events
Remove Ads
Sign In
Join for FREE
Feedback
Dark Mode
Quiz Categories
Sports
Geography
Music
Movies
Television
Just For Fun
Miscellaneous
History
Literature
Language
Science
Gaming
Entertainment
Religion
Holiday
For Kids
Quiz Lab
Recent
Popular Today
Quiz Kudos Today
Editor Picks
Curator Picks
Quizzes by...
Day
Popularity
Type
Ratings
Length
Year
Community
Subscriptions
Recent Discussions
Orange Saloon
Badges
Playlists
Quests
Create
Leaderboards
Showdown
Live 5
Trivia Bingo
Activity
Puzzle Library
Sporcle Events
Private Events
Virtual Trivia
Globe League
Become a Host
Pub Owners
SporcleCon
Opinionation
Our Games
Videos
Blog
Mobile Apps
Partnerships
Remove Ads and Go Orange
Feedback
Sports
Athletes
MLB
NBA
NHL
NFL
Soccer
Sports Teams
WWE
NCAA
Football
Premier League
Basketball
Baseball
Hockey
Golf
Tennis
Cricket
Rugby
Auto Racing
Olympics
World Cup
Sports
Athletes
MLB
NBA
NHL
NFL
Soccer
Sports Teams
WWE
NCAA
Football
Premier League
Basketball
Baseball
Hockey
Golf
Tennis
Cricket
Rugby
Auto Racing
Olympics
World Cup
Random Quiz
Search Sporcle
×
Quiz Lab
Quiz Lab
Sports
Cyclist
Type in answers that appear in a list
Type in answers that appear in a list
Classic
Best Score? Go Orange.
Cycling: Critérium des As Winners Stats
Can you name the Cycling: Critérium des As Winners?
By
nielsongena1
10m
62 Questions
87 Plays
87 Plays
87 Plays
Comments
Comments
Give Quiz Kudos
Give Quiz Kudos
-
- Ratings
hide this ad
Replay
Link that replays current quiz
Next Quiz
Link to next quiz in quiz playlist
You Got
0%
They Got
Avg Score
57%
Avg Friend Score
Upgrade to see
Score Distribution
Jump to the score distribution portion of the page
Score
0/62
Timer
10:00
0
Plays Today
Year
Winner
% Correct
1984
Seán Kelly
96.6%
1985
Seán Kelly
96.6%
1986
Seán Kelly
96.6%
1967
Eddy Merckx
95.4%
1970
Eddy Merckx
95.4%
1974
Eddy Merckx
95.4%
1982
Bernard Hinault
92%
1983
Greg LeMond
92%
1959
Jacques Anquetil
90.8%
1960
Jacques Anquetil
90.8%
1963
Jacques Anquetil
90.8%
1965
Jacques Anquetil
90.8%
1979
Joop Zoetemelk
90.8%
1980
Joop Zoetemelk
90.8%
1951
Hugo Koblet
87.4%
1949
Louison Bobet
86.2%
1950
Louison Bobet
86.2%
1953
Louison Bobet
86.2%
1954
Louison Bobet
86.2%
1989
Laurent Fignon
86.2%
1961
Rik Van Looy
83.9%
1968
Felice Gimondi
82.8%
1948
Rik Van Steenbergen
80.5%
1952
Rik Van Steenbergen
80.5%
1955
Rik Van Steenbergen
80.5%
1957
Rik Van Steenbergen
80.5%
1958
Rik Van Steenbergen
80.5%
1962
Rudi Altig
80.5%
1987
Charly Mottet
80.5%
1977
Francesco Moser
78.2%
1972
Raymond Poulidor
75.9%
Year
Winner
% Correct
1976
Freddy Maertens
75.9%
1926
Francis Pélissier
72.4%
1933
Charles Pélissier
72.4%
1975
Roger De Vlaeminck
67.8%
1921
Philippe Thys
63.2%
1934
André Leducq
63.2%
1969
Walter Godefroot
57.5%
1988
Claude Criquielion
55.2%
1990
Gilbert Duclos-Lassalle
40.2%
1978
Michel Laurent
37.9%
1966
Gerben Karstens
33.3%
1973
Gerben Karstens
33.3%
1981
Daniel Willems
27.6%
1964
Peter Post
23%
1922
René Vermandel
16.1%
1956
Bernard Gauthier
13.8%
1938
Gerrit Schulte
12.6%
1923
Jules Vanhevel
10.3%
1924
Jules Vanhevel
10.3%
1947
Emile Carrara
6.9%
1925
Achille Souchard
4.6%
1927
Gabriel Marcillac
4.6%
1928
Charles Lacquehay
4.6%
1929
Georges Wambst
4.6%
1930
Camille Foucaux
4.6%
1931
Jean Marechal
4.6%
1932
Ernest Terreau
4.6%
1935
Ernest Terreau
4.6%
1936
Ernest Terreau
4.6%
1937
Georges Paillard
4.6%
1943
Raoul Lesueur
4.6%
Quiz Playlist
Details
Report
Send in Message
Add To Playlist
Classic:
Type in answers that appear in a list
Last Updated: Feb 4, 2020
Quiz Scoreboard
CHALLENGE
Sign Up to Join the Scoreboard
Show All
Scores
Hide
Comments
May contain spoilers
Recently Published
Colored Red Africa Blitz
by spor1
Geography
30s
Find the 'City' Movie
by crazypaving
Movies
60s
5x2 Blitz: Bands
by SL_Kpop136
Music
30s
More to Explore
Quiz From the Vault
Featured Blog Post
14 Easter Pick-up Lines to Find Eggs With
hide this ad
You Might Also Like...
Tags
Ace
Cycling
Cycling Team
Cyclist
uci
UCI Cycling
UCI Overall
UCI Road
Today's Top Quizzes in Sports
Browse Sports
hide this ad
Today's Top Quizzes in Cyclist
Browse Cyclist
Top Contributed Quizzes in Sports
1
Les entraîneurs de l'OM et du PSG au 21e siècle
2
Les meilleurs buteurs des matchs entre le PSG et l’OM
3
Players with Multiple 50 Home Run Seasons
4
2022 World Cup Stars
5
Les joueurs passés par le PSG et l'OM
6
NBA Logic Puzzle 2.0
7
Criteria MLB: Left Handed Sluggers
8
MLB Players with Two .350 Batting Average Seasons
9
Top 10 NHL Goal Scorers of All Time
10
Who Hit More Homers?
Explore More
Trending Topics
Kpop
NBA
Disney
Marvel
Harry Potter
Anime
Crossword
NFL
Soccer
Country
WWE
Song
Puzzle
Pokémon
The Office
hide this ad
More By:
nielsongena1
Quiz
Plays
Rating
Category
Featured
Created
Cycling: Monument Winners Since 1960
12,777
5.00
Sports
Dec 3, 2016
100 Greatest Road Cyclists of All Time
6,169
4.63
Sports
Jun 8, 2016
Cycling: World Championship Podium Since 1927
5,320
5.00
Sports
Jan 22, 2016
Cycling: Top Cyclists of All Time per Country
3,909
4.00
Sports
Jan 17, 2016
Cycling: Velo d'Or top 3
3,729
5.00
Sports
Aug 21, 2015
Go to Creator's Profile
Score Distribution
Quiz Creator Spotlight
nielsongena1
Follow
Send a Message
Quizzes Created
-
Created Quiz Play Count
-
More By This Creator
Popular Quizzes Today
1
Colored Red Africa Blitz
2
Find the 'City' Movie
3
5x2 Blitz: Bands
4
Find the US States - No Outlines Minefield
5
The Countries of the World
6
Find the US States
7
US States
8
Find the Countries of Europe - No Outlines Minefield
More Sports Quizzes
Opening Day Lineups: Reds
Published
Trending Quizzes
Colored Red Europe Blitz I
Colored Red Africa Blitz II
Colored Red Europe Blitz II
Colored Red Africa Blitz III
Colored Red Europe Blitz III
Recently Updated
How Do You Spell That?
pecheneg
Godzilla Movies
pecheneg
Grab Bag: 4-10 Letters
pecheneg
2024 March Madness Bracket
pecheneg
Famous TV Couples
Peacemaker
Champions League XIs: Real Madrid
pecheneg
Largest US Cities 1790-2010
pecheneg
Rides in Walt Disney World
pecheneg
Most Oscar Losses (Acting)
pecheneg
Beyoncé Albums
pecheneg
Trending Topics
Kpop
Disney
Marvel
Harry Potter
Crossword
Anime
NBA
Pokémon
Puzzle
WWE
Soccer
Song
The Office
Country
NFL
Your Account Isn't Verified!
In order to create a playlist on Sporcle, you need to verify the email address you used during registration. Go to your
Sporcle Settings
to finish the process.
Report this User
Report this user for behavior that violates our
Community Guidelines
.
Details:
Send Report
Go to the Sporcle.com Mobile Site →
Comments